| 000 | 00545nam a22001817a 4500 | ||
|---|---|---|---|
| 003 | OSt | ||
| 005 | 20131106101533.0 | ||
| 008 | 130621s2003 sp ||||| |||| 00| 0 spa d | ||
| 020 | _a8496250016 | ||
| 040 | _cCDMR | ||
| 100 | 1 |
_91850 _aBordas Gifra, Jordi |
|
| 245 | 1 | 0 |
_aMe han robado el meteorito! _b: las 100 noticias más increíbles y sorprendentes del mundo _cJordi Bordas |
| 260 |
_aBarcelona _bOptima _c2003 |
||
| 300 |
_a126 p. _bil. |
||
| 650 | 0 | 4 |
_92614 _aHumorisme _xMiscel·lànies |
| 650 | 0 | 4 |
_94252 _aArticles de diaris |
| 942 |
_2udc _cMON |
||
| 999 |
_c6517 _d6517 |
||